Cell biology :viruses, monera,genetics

Gespeichert in:
Bibliographische Detailangaben
1. Verfasser: VERMA, V.
Format: Buch
Sprache:Englisch
Veröffentlicht: Ane Books 2014
Tags: Tag hinzufügen
Keine Tags, Fügen Sie den ersten Tag hinzu!

MARC

LEADER 00000nam a22000007a 4500
008 240116b |||||||| |||| 00| 0 eng d
020 |a 9789386761798 
100 |a VERMA, V. 
245 |a Cell biology  |b :viruses, monera,genetics  |c /V.Verma  |g vii,418p:ill 
260 |b Ane Books  |c 2014  |h New Delhi  |i 701926  |i 701927  |l QH581.V58  |m Cytology 
500 |a it includes index 
942 |a lcc  |c BK  |e Johnson  |f 16/01/24 
952 |0 0  |1 0  |2 lcc  |4 0  |6 QH0581 V58  |7 0  |9 4786  |a SL  |b HOL  |c QZ  |d 2024-01-16  |l 0  |o QH581.V58  |p 2024-0040  |r 2024-01-16 00:00:00  |t 701926  |w 2024-01-16  |y BK 
952 |0 0  |1 0  |2 lcc  |4 0  |6 QH0581 V58  |7 0  |9 4787  |a HOL  |b HOL  |c QZ  |d 2024-01-16  |l 0  |o QH581.V58  |p 2024-0041  |r 2024-01-16 00:00:00  |t 701927  |w 2024-01-16  |y BK 
999 |c 2393  |d 2393